| 000 | 00864cad a22002175a 4500 | ||
|---|---|---|---|
| 001 | L150391 | ||
| 008 | 100707e2010 xxk 000 0 eng d | ||
| 035 | _a(Sirsi) u150391 | ||
| 041 | 0 | _aeng | |
| 110 | 2 | _aBCIS | |
| 110 | 2 |
_aBritish Standards Institution _9130 |
|
| 245 | 0 | 0 |
_aIntroducing the New Standards for Life Cycle Costing in Construction _bBS ISO 15686-5:2008 for LCC and the new UK supplements _h[electronic resource] |
| 260 |
_aStockholm _bBCIS,FG,BSI _c2009 |
||
| 520 | _aWhole life costing industry standards; ISO; | ||
| 590 | _aKA | ||
| 651 | 4 |
_aUnited Kingdom _y |
|
| 690 | _aMANAGEMENT-BUSINESS MANAGEMENT-COST MANAGEMENT-COST ANALYSIS-LIFE CYCLE COSTING | ||
| 710 |
_aFaithful and Gould _95416 |
||
| 856 | 4 | 8 |
_uhttps://ec.europa.eu/environment/gpp/pdf/UK_Standards_Andy%20Green.pdf _zView the website free of charge at ec.europa.eu |
| 942 | _n0 | ||
| 999 |
_c82490 _d82490 |
||